[Event "Titled Tue 25th Apr Late"]
[Site "chess.com INT"]
[Date "2023.04.25"]
[Round "4"]
[White "Nakamura, Hi"]
[Black "Svane, Frederik"]
[Result "1-0"]
[WhiteElo "2775"]
[BlackElo "2600"]
[PlyCount "91"]
[EventDate "2023.04.25"]

1. Nf3 d5 2. e3 Nf6 3. c4 e6 4. b3 Bd6 5. Bb2 O-O 6. Nc3 c5 7. cxd5 exd5 8. d4 cxd4 ({RR} 8... Nc6 9. Be2 cxd4 10. Nxd4 Nxd4 11. Qxd4 Re8 12. Rd1 Be5 13. Qd2 Bf5 14. O-O Rc8 15. Bf3 Ne4 16. Nxe4 dxe4 17. Qxd8 Rcxd8 18. Rxd8 Rxd8 19. Bxe5 exf3 20. gxf3 Rd2 21. Kg2 Rxa2 22. Rc1 Rc2 23. Rxc2 {Aronian,L (2764)-So,W (2778) Paris 2018 ½-½}) ({RR} 8... Nc6 9. Be2 cxd4 10. Nxd4 Nxd4 11. Qxd4 Re8 12. O-O Be5 13. Qd1 d4 14. Na4 Bf5 15. exd4 Bd6 16. Bf3 Ne4 17. Nc5 Bxc5 18. dxc5 Nd2 19. Bxb7 Rb8 20. c6 Nxf1 21. Qxf1 Bc8 22. Rc1 Qc7 23. Bxc8 {Nakamura,H (2780)-Bluebaum,M (2670) chess.com INT 2023 1-0 (61)}) ({RR} 8... Nc6 9. Be2 cxd4 10. Nxd4 Nxd4 11. Qxd4 Re8 12. Rd1 Be5 13. Qd2 Bf5 14. O-O Rc8 15. Bf3 Ne4 16. Nxe4 dxe4 17. Qxd8 Rcxd8 18. Rxd8 Rxd8 19. Bxe5 exf3 20. gxf3 Rd2 21. Kg2 Rxa2 22. Rc1 Rc2 23. Rxc2 {Aronian,L (2764)-So,W (2778) Paris 2018 ½-½}) ({RR} 8... Nc6 9. Be2 cxd4 10. Nxd4 Nxd4 11. Qxd4 Re8 12. O-O Be5 13. Qd1 d4 14. Na4 Bf5 15. exd4 Bd6 16. Bf3 Ne4 17. Nc5 Bxc5 18. dxc5 Nd2 19. Bxb7 Rb8 20. c6 Nxf1 21. Qxf1 Bc8 22. Rc1 Qc7 23. Bxc8 {Nakamura,H (2780)-Bluebaum,M (2670) chess.com INT 2023 1-0 (61)}) 9. Nxd4 Nc6 10. Nf3 ({RR} 10. Be2 Bc7 11. O-O Qd6 12. Nf3 a6 13. g3 Bh3 14. Re1 Rad8 15. Bf1 Bxf1 16. Kxf1 Ne4 17. Kg2 f5 18. Rc1 Rfe8 19. Ne2 Ba5 20. Rf1 Re6 21. Nf4 Rh6 22. h4 Bc7 23. Qd3 Qe7 24. Rfd1 Bxf4 {Muradli,M (2617)-Holinka,H (2355) chess.com INT 2026 1-0 (58)}) ({RR} 10. Be2 Bc7 11. O-O Qd6 12. Nf3 a6 13. g3 Bh3 14. Re1 Rad8 15. Bf1 Bxf1 16. Kxf1 Ne4 17. Kg2 f5 18. Rc1 Rfe8 19. Ne2 Ba5 20. Rf1 Re6 21. Nf4 Rh6 22. h4 Bc7 23. Qd3 Qe7 24. Rfd1 Bxf4 {Muradli,M (2617)-Holinka,H (2355) chess.com INT 2026 1-0 (58)}) 10... Bg4 $146 ({RR} 10... Re8 11. Be2 a6 12. O-O Bc7 13. Rc1 Qd6 14. Rc2 Bg4 15. g3 Rad8 16. a3 Bb8 17. Rd2 Ba7 18. b4 d4 19. Nxd4 Nxd4 20. exd4 Bh3 21. Re1 Qe6 22. Rd3 Ng4 23. Na4 Qc6 24. f3 Ne3 25. Qc1 {Botta,M (2278)-Valenzuela Gomez,F (2321) Barcelona ESP 2025 0-1}) ({RR} 10... Re8 11. Be2 a6 12. O-O Bc7 13. Rc1 Qd6 14. Rc2 Bg4 15. g3 Rad8 16. a3 Bb8 17. Rd2 Ba7 18. b4 d4 19. Nxd4 Nxd4 20. exd4 Bh3 21. Re1 Qe6 22. Rd3 Ng4 23. Na4 Qc6 24. f3 Ne3 25. Qc1 {Botta,M (2278)-Valenzuela Gomez,F (2321) Barcelona ESP 2025 0-1}) 11. Be2 Re8 12. O-O a6 13. h3 Bh5 14. Nh4 Bxe2 15. Nxe2 Ne4 16. Nf3 Bc7 17. Rc1 Qd6 18. g3 Rad8 19. Kg2 h5 20. h4 Qg6 21. Nfd4 Bb8 22. Nf4 Bxf4 23. exf4 Rd7 24. f5 Qh6 25. Nxc6 bxc6 26. f6 c5 27. fxg7 d4 28. Qd3 Qc6 29. Kg1 Qd5 30. Rcd1 Rd6 31. Rfe1 Rde6 32. Rf1 a5 33. Kh2 Rf6 34. Kg1 Rg6 35. Bc1 Re5 36. Rde1 Ree6 37. Bf4 Rg4 38. Kh2 Rxf4 39. gxf4 Qf5 40. Qf3 Nd2 41. Qa8+ Kxg7 42. Rg1+ Rg6 43. Rxg6+ Kxg6 44. Qg8+ Kf6 45. Qh8+ Kg6 46. Rg1+ 1-0

[Event "ChessKid Cup Div 1 W"]
[Site "chess.com INT"]
[Date "2023.05.23"]
[Round "2.1"]
[White "Caruana, F."]
[Black "Abdusattorov, Nodirbek"]
[Result "1/2-1/2"]
[WhiteElo "2764"]
[BlackElo "2731"]
[PlyCount "94"]
[EventDate "2023.05.22"]
[EventType "k.o."]

1. d4 d5 2. Nf3 Nf6 3. g3 c5 4. Bg2 e6 5. O-O Be7 6. dxc5 Bxc5 7. c4 O-O 8. cxd5 exd5 9. Nc3 Nc6 10. Na4 Be7 11. Be3 Bg4 12. Rc1 Re8 13. h3 Bh5 14. Nd4 Qd7 ({RR} 14... Nxd4 15. Bxd4 Bb4 16. Bf3 Bxf3 17. exf3 b6 18. Kg2 Nd7 19. Qb3 Bc5 20. Bxc5 Nxc5 21. Nxc5 bxc5 22. Rxc5 Rb8 23. Rxd5 Rxb3 24. Rxd8 Rxd8 25. axb3 Rd2 26. Ra1 Rxb2 27. Rxa7 g5 28. Rb7 Kg7 29. Rb6 {Anton Guijarro,D (2703)-Edouard,R (2649) Biel 2020 ½-½ (53)}) ({RR} 14... Rc8 15. Nxc6 bxc6 16. Bxa7 Bd6 17. Bb6 Qe7 18. Bf3 Bxf3 19. exf3 Nd7 20. f4 Nxb6 21. Nxb6 Rc7 22. Re1 Qxe1+ 23. Qxe1 Rxe1+ 24. Rxe1 Kf8 25. b3 Bc5 26. Na4 Bd4 27. Rd1 Ba7 28. Nb2 Ke7 29. Nd3 {Deac,B (2652)-Akobian,V (2549) chess.com INT 2026 1-0 (65)}) ({RR} 14... Nxd4 15. Bxd4 Bb4 16. Bf3 Bxf3 17. exf3 b6 18. Kg2 Nd7 19. Qb3 Bc5 20. Bxc5 Nxc5 21. Nxc5 bxc5 22. Rxc5 Rb8 23. Rxd5 Rxb3 24. Rxd8 Rxd8 25. axb3 Rd2 26. Ra1 Rxb2 27. Rxa7 g5 28. Rb7 Kg7 29. Rb6 {Anton Guijarro,D (2703)-Edouard,R (2649) Biel 2020 ½-½ (53)}) ({RR} 14... Rc8 15. Nxc6 bxc6 16. Bxa7 Bd6 17. Bb6 Qe7 18. Bf3 Bxf3 19. exf3 Nd7 20. f4 Nxb6 21. Nxb6 Rc7 22. Re1 Qxe1+ 23. Qxe1 Rxe1+ 24. Rxe1 Kf8 25. b3 Bc5 26. Na4 Bd4 27. Rd1 Ba7 28. Nb2 Ke7 29. Nd3 {Deac,B (2652)-Akobian,V (2549) chess.com INT 2026 1-0 (65)}) 15. Nxc6 bxc6 16. Bd4 $146 ({RR} 16. Nc5 Bxc5 17. Rxc5 Ne4 18. Bxe4 Rxe4 19. Kg2 Rae8 20. Qd2 Bg6 21. Rfc1 Bf5 22. Rxc6 Bxh3+ 23. Kh2 d4 24. Bf4 Rxe2 25. Rc7 Qd5 26. Kxh3 Rxd2 27. Bxd2 h5 28. R7c2 d3 29. Rc5 Qf3 30. Be3 Rxe3 {Guo,H (1746)-Tomici,S (2160) Caldas Novas 2011 0-1 (35)}) ({RR} 16. Nc5 Bxc5 17. Rxc5 Ne4 18. Bxe4 Rxe4 19. Kg2 Rae8 20. Qd2 Bg6 21. Rfc1 Bf5 22. Rxc6 Bxh3+ 23. Kh2 d4 24. Bf4 Rxe2 25. Rc7 Qd5 26. Kxh3 Rxd2 27. Bxd2 h5 28. R7c2 d3 29. Rc5 Qf3 30. Be3 Rxe3 {Guo,H (1746)-Tomici,S (2160) Caldas Novas 2011 0-1 (35)}) 16... Bf8 17. Re1 Ne4 18. Nc5 Bxc5 19. Bxc5 Bg6 20. Qa4 h5 21. Bd4 Re6 22. h4 Bf5 23. Bf3 Bg4 24. Bxg4 hxg4 25. Kg2 a6 26. f3 Nd2 27. Qc2 Nc4 28. b3 Ne3+ 29. Bxe3 Rxe3 30. Qxc6 gxf3+ 31. Kf2 Qxc6 32. Rxc6 Rae8 33. Rc8 Rxc8 34. Kxe3 Rc2 35. exf3 Rxa2 36. Rd1 Ra3 37. Rd3 a5 38. h5 Kh7 39. g4 g6 40. hxg6+ Kxg6 41. Kd4 a4 42. bxa4 Rxa4+ 43. Kxd5 f5 44. gxf5+ Kxf5 45. Rd4 Rxd4+ 46. Kxd4 Kf4 47. Kd3 Kxf3 1/2-1/2

[Event "ChessKid Cup Div 3 W"]
[Site "chess.com INT"]
[Date "2023.05.22"]
[Round "2.3"]
[White "Harikrishna, P."]
[Black "Yu Yangyi"]
[Result "1-0"]
[WhiteElo "2704"]
[BlackElo "2729"]
[PlyCount "49"]
[EventDate "2023.05.22"]
[EventType "k.o."]

1. c4 Nf6 2. Nc3 c5 3. Nf3 e6 4. g3 Nc6 5. Bg2 d5 6. cxd5 exd5 7. d4 cxd4 8. Nxd4 Bc5 9. Nb3 Bb6 10. O-O d4 11. Na4 O-O 12. Nxb6 axb6 13. e3 ({RR} 13. Bxc6 bxc6 14. Qxd4 c5 15. Qxd8 Rxd8 16. Bf4 Nd5 17. Bd2 Nf6 18. Bf4 Nd5 19. Bd2 Nf6 20. Bf4 Nd5 {½-½ (20) Iturrizaga Bonelli,E (2615)-Idani,P (2633) Douglas IOM 2023}) ({RR} 13. Bxc6 bxc6 14. Qxd4 c5 15. Qxd8 Rxd8 16. Bf4 Nd5 17. Bd2 Nf6 18. Bf4 Nd5 19. Bd2 Nf6 20. Bf4 Nd5 {½-½ (20) Iturrizaga Bonelli,E (2615)-Idani,P (2633) Douglas IOM 2023}) 13... Bg4 $146 ({RR} 13... d3 14. Bd2 Bf5 15. Bc3 Qd7 16. Nd4 Bg6 17. Nxc6 bxc6 18. Bxf6 gxf6 19. Qf3 Kg7 20. Qxc6 Qxc6 21. Bxc6 Rac8 22. Bd5 Rfd8 23. e4 f5 24. f3 fxe4 25. fxe4 Rc2 26. Rad1 d2 27. Kf2 f5 28. Bb3 {Horak,M (2343)-Hracek,Z (2570) Usti nad Labem 2022 0-1 (50)}) ({RR} 13... d3 14. Bd2 Re8 15. Bc3 Bg4 16. f3 Bf5 17. Nd4 Bg6 18. Qd2 Nd5 19. Nxc6 bxc6 20. e4 Nxc3 21. Qxc3 Ra4 22. b4 Qd6 23. Rfd1 Rd8 24. a3 c5 25. Rac1 h6 26. bxc5 bxc5 27. Qxc5 Rxa3 28. Qxd6 {Miezis,N (2366)-Sulskis,S (2476) Finland FIN 2026 ½-½ (103)}) ({RR} 13... d3 14. Bd2 Bf5 15. Bc3 Qd7 16. Nd4 Bg6 17. Nxc6 bxc6 18. Bxf6 gxf6 19. Qf3 Kg7 20. Qxc6 Qxc6 21. Bxc6 Rac8 22. Bd5 Rfd8 23. e4 f5 24. f3 fxe4 25. fxe4 Rc2 26. Rad1 d2 27. Kf2 f5 28. Bb3 {Horak,M (2343)-Hracek,Z (2570) Usti nad Labem 2022 0-1 (50)}) ({RR} 13... d3 14. Bd2 Re8 15. Bc3 Bg4 16. f3 Bf5 17. Nd4 Bg6 18. Qd2 Nd5 19. Nxc6 bxc6 20. e4 Nxc3 21. Qxc3 Ra4 22. b4 Qd6 23. Rfd1 Rd8 24. a3 c5 25. Rac1 h6 26. bxc5 bxc5 27. Qxc5 Rxa3 28. Qxd6 {Miezis,N (2366)-Sulskis,S (2476) Finland FIN 2026 ½-½ (103)}) 14. f3 Be6 15. Nxd4 Nxd4 16. Qxd4 Qxd4 17. exd4 Bxa2 18. Bg5 Nd5 19. Rfc1 Bb3 20. Bd2 b5 21. f4 Ra4 22. Ra3 Rxa3 23. bxa3 Bc4 24. a4 Nc7 25. axb5 1-0

[Event "6th Sharjah Masters 2023"]
[Site "Sharjah UAE"]
[Date "2023.05.21"]
[Round "5.3"]
[White "Tabatabaei, M."]
[Black "Aryan, C."]
[Result "1/2-1/2"]
[WhiteElo "2677"]
[BlackElo "2617"]
[PlyCount "76"]
[EventDate "2023.05.17"]

1. c4 {Krasenkow,Michal Krasenkow,Michal} Nf6 2. Nc3 c5 3. Nf3 Nc6 4. e3 e6 5. b3 d5 6. cxd5 exd5 7. Bb2 Bd6 8. d4 cxd4 9. Nxd4 O-O 10. Be2 Re8 11. O-O a6 $146 ({RR} 11... Nxd4 12. Qxd4 Be5 13. Qd3 ({RR} 13. Qh4 Bf5 14. Rac1 d4) ({RR} 13. Qd2 Bg4 ({RR} 13... Ne4 14. Nxe4 Bxb2 15. Rad1 Ba3 16. Qxd5) ({RR} 13... Bd7 14. Rfd1 Bc6 15. Bf3 Qb8 16. Kh1) ({RR} 13... d4 14. Rad1 ({RR} 14. exd4 Qxd4 15. Qxd4 Bxd4 16. Bf3 Rb8 17. Rfd1 Be5 18. Na4 Bxb2 19. Nxb2 Bg4) ({RR} 14. exd4 Qxd4 15. Qxd4 Bxd4 16. Bf3 Rb8 17. Rfd1 Be5 18. Na4 Bxb2 19. Nxb2 Bg4) 14... Ng4 15. g3 ({RR} 15. h3 Qh4 16. exd4 Bh2+ 17. Kh1 Bd6 18. Bb5 Re3 19. f4 Rg3) ({RR} 15. h3 Qh4 16. exd4 Bh2+ 17. Kh1 Bd6 18. Bb5 Re3 19. f4 Rg3) 15... Nxh2 16. Rfe1) ({RR} 13... Ne4 14. Nxe4 Bxb2 15. Rad1 Ba3 16. Qxd5) ({RR} 13... Bd7 14. Rfd1 Bc6 15. Bf3 Qb8 16. Kh1) ({RR} 13... d4 14. Rad1 Ng4 15. g3 Nxh2 16. Rfe1) 14. Bxg4 ({RR} 14. Bb5 Bd7 15. Bxd7 Qxd7 16. Rad1 Rac8 17. Na4 Qf5 18. Bxe5 Qxe5 19. Qd4 Qxd4 20. exd4 Rc2) ({RR} 14. Bb5 Bd7 15. Bxd7 Qxd7 16. Rad1 Rac8 17. Na4 Qf5 18. Bxe5 Qxe5 19. Qd4 Qxd4 20. exd4 Rc2) 14... Nxg4 ({RR} 14... Bxh2+ 15. Kxh2 Nxg4+ 16. Kh3 Qg5 17. Qd4 Qh5+ 18. Kg3 Nh6 19. Rh1 Nf5+ 20. Kf4 Qg6 21. Qxd5 Re6 22. g4 Ne7 23. Qd1) ({RR} 14... Bxh2+ 15. Kxh2 Nxg4+ 16. Kh3 Qg5 17. Qd4 Qh5+ 18. Kg3 Nh6 19. Rh1 Nf5+ 20. Kf4 Qg6 21. Qxd5 Re6 22. g4 Ne7 23. Qd1) 15. h3 Nf6 16. Rfd1 Rc8 17. Rac1 Rc6 18. Nb5 ({RR} 18. Na4 Ne4 19. Qe2 Bb8 20. Rxc6 bxc6 21. Qg4 g6 22. h4 h5 23. Qh3 Be5) ({RR} 18. Na4 Ne4 19. Qe2 Bb8 20. Rxc6 bxc6 21. Qg4 g6 22. h4 h5 23. Qh3 Be5) 18... Ne4 19. Qe2 Bb8 20. Rxc6 bxc6 21. Qg4 g6 22. Nd4 Qf6 23. Qe2 Qd6 24. Nf3 Ng5 25. Kf1) ({RR} 13. Qh4 Bf5 14. Rac1 d4) ({RR} 13. Qd2 Bg4 14. Bxg4 Nxg4 15. h3 Nf6 16. Rfd1 Rc8 17. Rac1 Rc6 18. Nb5 Ne4 19. Qe2 Bb8 20. Rxc6 bxc6 21. Qg4 g6 22. Nd4 Qf6 23. Qe2 Qd6 24. Nf3 Ng5 25. Kf1) 13... Ne4 14. Nxe4 ({RR} 14. Na4 Bxh2+ ({RR} 14... Bxb2 15. Nxb2 Qg5 16. Bf3 Qe5 17. Na4 Bf5 18. Bxe4 dxe4 19. Qc3 Qe7) ({RR} 14... Bxb2 15. Nxb2 Qg5 16. Bf3 Qe5 17. Na4 Bf5 18. Bxe4 dxe4 19. Qc3 Qe7) 15. Kxh2 Qh4+ 16. Kg1 Re6 17. Qd4 Rg6 18. g3 Qh3 ({RR} 18... Qxg3+ 19. fxg3 Rxg3+ 20. Kh2 Rh3+ 21. Kg2 Rg3+) ({RR} 18... Qxg3+ 19. fxg3 Rxg3+ 20. Kh2 Rh3+ 21. Kg2 Rg3+) 19. Qxd5 ({RR} 19. Qe5 Bg4) ({RR} 19. Qe5 Bg4) 19... Bf5 20. Rad1 ({RR} 20. Bf3 Rh6) ({RR} 20. Bf3 Rh6) 20... Rf8 ({RR} 20... Re8 21. Qd8) ({RR} 20... Re8 21. Qd8) 21. Qe5 f6 22. Bc4+ Kh8 23. Qe7 Rxg3+ 24. fxg3 Qxg3+) ({RR} 14. Na4 Bxh2+ 15. Kxh2 Qh4+ 16. Kg1 Re6 17. Qd4 Rg6 18. g3 Qh3 19. Qxd5 Bf5 20. Rad1 Rf8 21. Qe5 f6 22. Bc4+ Kh8 23. Qe7 Rxg3+ 24. fxg3 Qxg3+) 14... Bxb2 15. Rad1 Bf5 16. Qd2 Bxe4 17. Qxb2 Rc8 ({RR} 17... Qg5 18. g3 h5) ({RR} 17... Qg5 18. g3 h5) 18. Rc1 Qb6 19. Rfd1 h6 20. Qd2 Red8 21. Bd3 Qg6 ({RR} 21... g6 22. Bxe4 dxe4) ({RR} 21... g6 22. Bxe4 dxe4) 22. Bxe4 Qxe4 ({RR} 22... dxe4 23. Qxd8+ Rxd8 24. Rxd8+) ({RR} 22... dxe4 23. Qxd8+ Rxd8 24. Rxd8+) 23. g3 Rxc1 24. Qxc1 Qf5 ({RR} 24... Qe7) ({RR} 24... Qe7) 25. Qc5 b6 26. Qc7 {Giri,A (2767)-Dominguez Perez,L (2752) Novi Sad 2016 CBM 176 [Krasenkow,Michal] 1-0 (53)}) ({RR} 11... Nxd4 12. Qxd4 Be5 13. Qd3 Ne4 14. Nxe4 Bxb2 15. Rad1 Bf5 16. Qd2 Bxe4 17. Qxb2 Rc8 18. Rc1 Qb6 19. Rfd1 h6 20. Qd2 Red8 21. Bd3 Qg6 22. Bxe4 Qxe4 23. g3 Rxc1 24. Qxc1 Qf5 25. Qc5 b6 26. Qc7 {Giri,A (2767)-Dominguez Perez,L (2752) Novi Sad 2016 CBM 176 [Krasenkow,Michal] 1-0 (53)}) 12. Rc1 Nxd4 13. Qxd4 Be5 14. Qd3 Bd7 15. Rfd1 Rc8 16. h3 Qa5 17. Bf3 Bc6 18. Qd2 d4 19. exd4 Bxf3 20. gxf3 Bb8 21. d5 Rcd8 22. Qg5 h6 23. Qg2 Nh5 24. Kh1 Be5 25. Ba1 Nf4 26. Qg4 h5 27. Qh4 Nxd5 28. Nxd5 Rxd5 29. Qe4 Rxd1+ 30. Rxd1 Re6 31. Bxe5 Rxe5 32. Qxb7 Re2 33. Qa8+ Kh7 34. Qd5 Qxd5 35. Rxd5 Rxa2 36. Kg2 g6 37. b4 Rb2 38. Ra5 Rxb4 1/2-1/2

[Event "Superbet Classic 2023"]
[Site "Bucharest ROU"]
[Date "2023.05.09"]
[Round "4.2"]
[White "Caruana, F."]
[Black "Nepomniachtchi, I."]
[Result "1-0"]
[WhiteElo "2764"]
[BlackElo "2795"]
[PlyCount "139"]
[EventDate "2023.05.06"]

1. d4 Nf6 2. Nf3 d5 3. c4 e6 4. Nc3 c5 5. e3 Nc6 6. cxd5 exd5 7. Bb5 cxd4 8. Nxd4 Bd7 9. O-O Bd6 10. Nf3 Be6 11. b3 a6 12. Bd3 Ne5 13. Nxe5 Bxe5 14. Bb2 Rc8 $146 ({RR} 14... d4 15. exd4 Qxd4 16. Qf3 Rd8 17. Na4 Bxh2+ 18. Kxh2 Qxd3 19. Qxd3 Rxd3 20. Nc5 Rd5 21. Ba3 Rh5+ 22. Kg1 Bd5 23. Nd3 Kd7 24. Rfd1 Rc8 25. Bb2 Rf5 26. Nb4 Kd6 27. Bxf6 gxf6 28. Rd2 Rg8 29. f3 {Jumabayev,R (2590)-Oparin,G (2667) Sharjah UAE 2023 ½-½ (40)}) ({RR} 14... d4 15. exd4 Qxd4 16. Qf3 Rd8 17. Na4 Bxh2+ 18. Kxh2 Qxd3 19. Qxd3 Rxd3 20. Nc5 Rd5 21. Ba3 Rh5+ 22. Kg1 Bd5 23. Nd3 Kd7 24. Rfd1 Rc8 25. Bb2 Rf5 26. Nb4 Kd6 27. Bxf6 gxf6 28. Rd2 Rg8 29. f3 {Jumabayev,R (2590)-Oparin,G (2667) Sharjah UAE 2023 ½-½ (40)}) 15. Rc1 O-O 16. f4 Bc7 17. Ne2 Bb6 18. Bd4 Bxd4 19. Nxd4 Qa5 20. Qe2 Rfe8 21. h3 Bd7 22. Rxc8 Rxc8 23. Qb2 Qc5 24. a4 a5 25. Qd2 b6 26. Rb1 Qa3 27. Kh2 h6 28. Rb2 Qe7 29. Rc2 Rc5 30. Nf3 Rxc2 31. Bxc2 Qc5 32. Bd3 Kf8 33. Nd4 Kg8 34. Kg1 Kf8 35. Kf2 Ke7 36. Qb2 Kf8 37. Nc2 Ne4+ 38. Bxe4 dxe4 39. Nd4 Bc6 40. Qe2 Qc3 41. Qa6 Qd2+ 42. Ne2 Qb4 43. Qc8+ Be8 44. Qc2 Bd7 45. Nd4 f5 46. Qc7 Qd2+ 47. Ne2 Be6 48. Qxb6 Kf7 49. Qd4 Qa2 50. Qa7+ Kg8 51. Qa8+ Kh7 52. Qxa5 Kh8 53. Qd8+ Kh7 54. Qa5 Kh8 55. b4 Bc4 56. Qd8+ Kh7 57. Qd1 Bb3 58. Qd7 Be6 59. Qb5 Kh8 60. Qc5 g6 61. Ke1 Kg8 62. Qd6 Kf7 63. Qd2 Qxa4 64. Nd4 Bc4 65. Kf2 h5 66. Kg3 Qa3 67. b5 Qd3 68. Qc1 Bxb5 69. Qc7+ Kf8 70. Qc5+ 1-0

[Event "Titled Tue 9th May Early"]
[Site "chess.com INT"]
[Date "2023.05.09"]
[Round "8"]
[White "Bluebaum, M."]
[Black "Aravindh, Chithambaram VR."]
[Result "1-0"]
[WhiteElo "2669"]
[BlackElo "2633"]
[PlyCount "105"]
[EventDate "2023.05.09"]

1. d4 e6 2. c4 d5 3. Nc3 c5 4. cxd5 exd5 5. Nf3 Nc6 6. dxc5 d4 7. Na4 Bxc5 8. Nxc5 Qa5+ 9. Bd2 Qxc5 10. b4 Qd6 ({RR} 10... Qb6 11. Qa4 a6 12. e3 dxe3 13. fxe3 Rb8 14. b5 axb5 15. Bxb5 Nge7 16. Qb4 Bd7 17. Bxc6 bxc6 18. Qxb6 Rxb6 19. a4 c5 20. a5 Rb5 21. O-O f6 22. e4 O-O 23. Rfb1 Ra8 24. Rxb5 Bxb5 25. Rc1 {Stockfish dev-20240728-2343f7 (3662)-LCZero 0.31-dag-5350a2e-BT4-6 (3631) tcec-chess.com INT 2024 ½-½ (37)}) ({RR} 10... Qb6 11. Qa4 Nf6 12. b5 Ne7 13. Nxd4 O-O 14. e3 Bd7 15. Ba5 Qc5 16. Bb4 Qe5 17. Be2 a6 18. Qb3 axb5 19. O-O Rfe8 20. Nf3 Qh5 21. Bxe7 Rxe7 22. Rab1 Bc6 23. h3 Qc5 24. Rfc1 Qa3 25. Nd4 {Shishkov,A (2340)-Essing,A (2228) chess.com INT 2024 0-1 (53)}) ({RR} 10... Qb6 11. a4 a6 12. b5 axb5 13. axb5 Rxa1 14. Qxa1 Qxb5 15. e3 Qd5 16. Nxd4 Nxd4 17. Qxd4 Qxd4 18. exd4 Nf6 19. f3 Be6 20. Kf2 Bd5 21. Bb5+ Bc6 22. Bd3 Nd5 23. Re1+ Kd7 24. Bf5+ Kc7 25. h4 {Bluebaum,M (2647)-Olhovik,A (2282) chess.com INT 2024 ½-½ (79)}) ({RR} 10... Qb6 11. Qa4 a6 12. e3 dxe3 13. fxe3 Rb8 14. b5 axb5 15. Bxb5 Nge7 16. Qb4 Bd7 17. Bxc6 bxc6 18. Qxb6 Rxb6 19. a4 c5 20. a5 Rb5 21. O-O f6 22. e4 O-O 23. Rfb1 Ra8 24. Rxb5 Bxb5 25. Rc1 {Stockfish dev-20240728-2343f7 (3662)-LCZero 0.31-dag-5350a2e-BT4-6 (3631) tcec-chess.com INT 2024 ½-½ (37)}) ({RR} 10... Qb6 11. Qa4 Nf6 12. b5 Ne7 13. Nxd4 O-O 14. e3 Bd7 15. Ba5 Qc5 16. Bb4 Qe5 17. Be2 a6 18. Qb3 axb5 19. O-O Rfe8 20. Nf3 Qh5 21. Bxe7 Rxe7 22. Rab1 Bc6 23. h3 Qc5 24. Rfc1 Qa3 25. Nd4 {Shishkov,A (2340)-Essing,A (2228) chess.com INT 2024 0-1 (53)}) ({RR} 10... Qb6 11. a4 a6 12. b5 axb5 13. axb5 Rxa1 14. Qxa1 Qxb5 15. e3 Qd5 16. Nxd4 Nxd4 17. Qxd4 Qxd4 18. exd4 Nf6 19. f3 Be6 20. Kf2 Bd5 21. Bb5+ Bc6 22. Bd3 Nd5 23. Re1+ Kd7 24. Bf5+ Kc7 25. h4 {Bluebaum,M (2647)-Olhovik,A (2282) chess.com INT 2024 ½-½ (79)}) 11. e3 $146 ({RR} 11. Rc1 Nf6 12. b5 Ne5 13. Qb3 Nxf3+ 14. Qxf3 O-O 15. g3 Be6 16. Qf4 Qxf4 17. Bxf4 Bd5 18. Rg1 Rfe8 19. a4 d3 20. e3 Be4 21. Bh3 Red8 22. Kd2 Bg6 23. Bg2 Ne4+ 24. Bxe4 Bxe4 25. Rc4 f5 {Amburgy,R (2295)-Wang,A (1821) chess.com INT 2023 1-0}) ({RR} 11. Rc1 Nf6 12. b5 Ne5 13. Qb3 Nxf3+ 14. Qxf3 O-O 15. g3 Be6 16. Qf4 Qxf4 17. Bxf4 Bd5 18. Rg1 Rfe8 19. a4 d3 20. e3 Be4 21. Bh3 Red8 22. Kd2 Bg6 23. Bg2 Ne4+ 24. Bxe4 Bxe4 25. Rc4 f5 {Amburgy,R (2295)-Wang,A (1821) chess.com INT 2023 1-0}) 11... Bg4 12. h3 Bxf3 13. Qxf3 Nge7 14. Bb5 dxe3 15. Qxe3 O-O-O 16. O-O-O Nd5 17. Qc5 Qf6 18. Kb1 Rd6 19. Bc4 Rhd8 20. Rc1 b6 21. Ba6+ Kb8 22. Qc4 Nc7 23. Bf4 Nxa6 24. Bxd6+ Rxd6 25. Qxa6 Rd2 26. Qa3 Qf5+ 27. Ka1 Qe5+ 28. Qc3 Qd5 29. Rc2 Rxc2 30. Qxc2 Nxb4 31. Qb2 Qxg2 32. Qe5+ Kb7 33. Rd1 Nc6 34. Rd7+ Ka6 35. Qe2+ b5 36. a4 Qg5 37. Qxb5+ Qxb5 38. axb5+ Kxb5 39. Rxf7 g6 40. Rxh7 Kc5 41. Rg7 Ne5 42. f4 Nd3 43. Rxg6 Nxf4 44. Rg5+ Kd6 45. h4 Ke6 46. Rg4 Kf5 47. Rg5+ Kf6 48. Rg1 Nh5 49. Kb2 Kf7 50. Kb3 Nf6 51. Ka4 Nd7 52. h5 Ne5 53. h6 1-0

[Event "POL-ch"]
[Site "Warsaw"]
[Date "2020.07.26"]
[Round "3.4"]
[White "Gajewski, Grzegorz"]
[Black "Piorun, Kacper"]
[Result "1/2-1/2"]
[WhiteElo "2618"]
[BlackElo "2601"]
[PlyCount "127"]
[EventDate "2020.07.21"]
[EventType "k.o."]
[EventRounds "4"]
[EventCountry "POL"]
[SourceTitle "CBM 197 Extra"]
[Source "ChessBase"]
[SourceDate "2020.09.30"]
[SourceVersion "1"]
[SourceVersionDate "2020.09.30"]
[SourceQuality "1"]

1. c4 Nf6 2. Nc3 c5 3. Nf3 e6 4. e3 d5 5. cxd5 exd5 6. d4 a6 7. dxc5 Bxc5 8. Be2 Nc6 9. O-O O-O 10. b3 Bg4 11. Bb2 Ba7 ({RR} 11... Qd6 12. Rc1 Ba7 13. h3 Bxf3 14. Bxf3 Rad8 15. Ne2 Rfe8 16. g3 Ne4 17. Bg2 Qh6 18. Nd4 Nxd4 19. Bxd4 Bb8 20. Qg4 Re6 21. Rc2 Qg6 22. Qxg6 hxg6 23. Rfc1 Ree8 24. Bb6 Rd7 25. Rc8 Rde7 26. Bd8 {Bogdanovich,S (2590)-Lagarde,M (2550) Berlin 2015 1-0 (32)}) ({RR} 11... Qd6 12. Rc1 Ba7 13. h3 Bxf3 14. Bxf3 Rad8 15. Ne2 Rfe8 16. g3 Ne4 17. Bg2 Qh6 18. Nd4 Nxd4 19. Bxd4 Bb8 20. Qg4 Re6 21. Rc2 Qg6 22. Qxg6 hxg6 23. Rfc1 Ree8 24. Bb6 Rd7 25. Rc8 Rde7 26. Bd8 {Bogdanovich,S (2590)-Lagarde,M (2550) Berlin 2015 1-0 (32)}) 12. Nd4 ({RR} 12. Re1 Re8 13. a3 Qd6 14. Rc1 Rad8 15. Na4 Ne4 16. Nd4 Bxe2 17. Qxe2 Nxd4 18. Bxd4 Bxd4 19. exd4 Qxa3 20. f3 Nf6 21. Qd3 Qb4 22. Rxe8+ Rxe8 23. Qc3 Qe7 24. Qd2 h6 25. Nc5 a5 26. Kf2 b6 {Lishoy Gengis Paratazham,D (2180)-Roe,S (2199) England ENG 2026 ½-½ (41)}) ({RR} 12. Re1 Re8 13. a3 Qd6 14. Rc1 Rad8 15. Na4 Ne4 16. Nd4 Bxe2 17. Qxe2 Nxd4 18. Bxd4 Bxd4 19. exd4 Qxa3 20. f3 Nf6 21. Qd3 Qb4 22. Rxe8+ Rxe8 23. Qc3 Qe7 24. Qd2 h6 25. Nc5 a5 26. Kf2 b6 {Lishoy Gengis Paratazham,D (2180)-Roe,S (2199) England ENG 2026 ½-½ (41)}) 12... Be6 $146 ({RR} 12... Bxd4 13. Bxg4 Be5 14. Bf3 Qd6 15. h3 Rad8 16. Rb1 Rfe8 17. Ne2 Ne4 18. Bxe4 dxe4 19. Qxd6 Rxd6 20. Bxe5 Nxe5 21. Rb2 Nc6 22. Rc1 g6 23. g4 Kg7 24. Rc4 f5 25. Kg2 Red8 26. Ng3 Kf6 27. gxf5 {Salzmann,P (2209)-Unzicker,F (2313) Germany 2009 ½-½ (35)}) ({RR} 12... Bxd4 13. Bxg4 Be5 14. Bf3 Qd6 15. h3 Rad8 16. Rb1 Rfe8 17. Ne2 Ne4 18. Bxe4 dxe4 19. Qxd6 Rxd6 20. Bxe5 Nxe5 21. Rb2 Nc6 22. Rc1 g6 23. g4 Kg7 24. Rc4 f5 25. Kg2 Red8 26. Ng3 Kf6 27. gxf5 {Salzmann,P (2209)-Unzicker,F (2313) Germany 2009 ½-½ (35)}) 13. Nxc6 bxc6 14. Na4 Ne4 15. Ba3 Re8 16. Rc1 Bd7 17. Nc5 Nxc5 18. Bxc5 Bb8 19. Bf3 Bf5 20. Re1 Qf6 21. Bd4 Qe6 22. Qd2 Bd6 23. g3 Ba3 24. Bb2 Bf8 25. b4 Be4 26. Be2 Rec8 27. f3 Bg6 28. Bd4 a5 29. bxa5 c5 30. Bc3 h5 31. Bd3 Bxd3 32. Qxd3 Be7 33. Red1 Rd8 34. Rb1 d4 35. exd4 cxd4 36. Bd2 Qxa2 37. Re1 Bc5 38. Rb5 Rac8 39. Rc1 Ba7 40. Rxc8 Rxc8 41. Rxh5 Qc2 42. Qxc2 Rxc2 43. Bf4 d3+ 44. Kf1 Ra2 45. Rd5 f6 46. h4 Kh7 47. h5 Ra1+ 48. Kg2 Ra2+ 49. Kh3 Bf2 50. Kg4 Be1 51. Rxd3 Rxa5 52. Rd7 Kg8 53. h6 gxh6 54. Bxh6 f5+ 55. Kf4 Bc3 56. Bg5 Kf8 57. Rb7 Be5+ 58. Kxf5 Bxg3+ 59. Kg6 Ra6+ 60. Bf6 Be5 61. Rf7+ Kg8 62. f4 Bd4 63. Rg7+ Kf8 64. Rf7+ 1/2-1/2